| 000 | 00696cab a2200241 4500 | ||
|---|---|---|---|
| 001 | ABS54978 | ||
| 008 | 090401t1996 xxu||||| |||| 00| 0 eng d | ||
| 035 | _a(Sirsi) u13459 | ||
| 041 | _aeng | ||
| 100 | _aLawson, D. | ||
| 245 | _aHitsville UK | ||
| 260 | _c1996 | ||
| 350 | _a0 | ||
| 490 |
_aProperty Week _v55(1) 4 April 1996, 16-19(4) |
||
| 520 | _aClarifies what HITs are and what they can do, whilst analysing the problems and fears that are putting off some investors. | ||
| 650 | _aHOUSING INVESTMENT TRUSTS | ||
| 650 | _aPROPERTY INVESTMENT VEHICLES | ||
| 650 | _aRENTED HOUSING | ||
| 690 | _aHOUSING-FINANCE | ||
| 700 | _aWhitmore, J. | ||
| 942 | _n0 | ||
| 948 | _c04/03/1997 | ||
| 999 |
_c8675 _d8675 |
||